Picasso : dels ballets al drama : 1917-1926 / Josep Palau i Fabre dels ballets al drama :
ISBN:
84-343-0906-8
Descripción Física:
528 p. : principalment il. col. ; 32 cm
Otros Autores:
Picasso, Pablo, 1881-1973
MARC
| LEADER | 00000nam a2200000Ia 4500 | ||
|---|---|---|---|
| 001 | 17132 | ||
| 008 | 160829s9999 xx 000 0 cat d | ||
| 020 | |a 84-343-0906-8 | ||
| 080 | |a FOL-2-98 | ||
| 100 | |a Palau i Fabre, Josep, |d 1917-2008 |9 20190 | ||
| 245 | |a Picasso : |b dels ballets al drama : |b 1917-1926 / Josep Palau i Fabre | ||
| 260 | |a Barcelona : |b Diputació de Barcelona : |b Polígrafa, DL 1999 | ||
| 300 | |a 528 p. : |b principalment il. col. ; |c 32 cm | ||
| 590 | |a Bibliografia | ||
| 600 | 0 | |a Picasso, Pablo, |d 1881-1973 |9 53616 | |
| 650 | |a Cubisme |9 23472 | ||
| 700 | |a Picasso, Pablo, |9 53616 |d 1881-1973 | ||
| 901 | |a Arxiu | ||
| 942 | |n 1 |2 udc | ||
| 952 | |0 0 |1 0 |4 0 |6 FOL298 |7 1 |9 42721 |a Arxiu |b Arxiu |d 2016-12-01 |l 0 |o FOL-2-98 |p 17132 |r 2016-12-01 00:00:00 |w 2016-12-01 |y ARXIU | ||
| 999 | |c 45227 |d 45227 | ||